TEXT BOOK COMMERCE (Record no. 11802)

MARC details
000 -LEADER
fixed length control field 00303nam a22001457a 4500
003 - CONTROL NUMBER IDENTIFIER
control field SGT
082 ## - DEWEY DECIMAL CLASSIFICATION NUMBER
Classification number 370
Item number T01G
100 ## - MAIN ENTRY--PERSONAL NAME
Personal name GAUT, JAMES
245 ## - TITLE STATEMENT
Title TEXT BOOK COMMERCE
250 ## - EDITION STATEMENT
Edition statement 1ST
260 ## - PUBLICATION, DISTRIBUTION, ETC. (IMPRINT)
Place of publication, distribution, etc NEW DELHI
Name of publisher, distributor, etc KHEL SAHITYA KENDRA
Year of Publication 2001
300 ## - PAGE DESCRIPTION
No. of Pages 244
650 ## - SUBJECT ADDED ENTRY--TOPICAL TERM
Topical term or geographic name as entry element EDUCATION
942 ## - ADDED ENTRY ELEMENTS (KOHA)
Source of classification or shelving scheme Dewey Decimal Classification
Koha item type Books
Holdings
Withdrawn status Lost status Source of classification or shelving scheme Damaged status Not for loan Collection code Home library Current library Shelving location Date acquired Vendor Name Cost, normal purchase price SGTU Bill Number Full call number Accession No. (Barcode) Date last seen Bill Date Koha item type
    Dewey Decimal Classification     EDUCATION SGT Engineering Library SGT Engineering Library Text Book 12/06/2017 UNIVERSAL PUB 200.00 SGTU 544 370 T01G ED1181 12/06/2017 06/02/2016 Books
    Dewey Decimal Classification     EDUCATION SGT Engineering Library SGT Engineering Library Text Book 12/06/2017 UNIVERSAL PUB 200.00 SGTU 544 370 T01G ED1182 12/06/2017 06/02/2016 Books
    Dewey Decimal Classification     EDUCATION SGT Engineering Library SGT Engineering Library Text Book 12/06/2017 UNIVERSAL PUB 200.00 SGTU 544 370 T01G ED1183 12/06/2017 06/02/2016 Books
    Dewey Decimal Classification     EDUCATION SGT Engineering Library SGT Engineering Library Text Book 12/06/2017 UNIVERSAL PUB 200.00 SGTU 544 370 T01G ED1184 12/06/2017 06/02/2016 Books
    Dewey Decimal Classification     EDUCATION SGT Engineering Library SGT Engineering Library Text Book 12/06/2017 UNIVERSAL PUB 200.00 SGTU 544 370 T01G ED1185 12/06/2017 06/02/2016 Books